[Event "Eurotel Trophy"]
[Site "Prague CZE"]
[Date "2002.04.29"]
[Round "1.2"]
[White "Milov, Vadim"]
[Black "Topalov, Veselin"]
[Result "1-0"]
[WhiteElo "2606"]
[BlackElo "2745"]
[EventDate "2002.04.28"]

1.d4 d5 2.c4 dxc4 3.e3 Cf6 4.Fxc4 e6 5.Cf3 c5 6.O-O a6 7.a4 Cc6 8.De2 Fe7 
9.Td1 O-O 10.Cc3 Dc7 11.d5 exd5 12.Cxd5 Cxd5 13.Fxd5 Ff6 14.h3 Cb4 15.e4 
Cxd5 16.exd5 Dd6 17.a5 Fd7 18.Fe3 b5 19.axb6 Dxb6 20.Td2 Fb5 21.Dd1 Dd6 
22.Dc2 Tac8 23.Tc1 c4 24.Fd4 Tcd8 25.Tcd1 Tfe8 26.Dc3 Fa4 27.Ta1 Fb5 28.
Fxf6 Dxf6 29.Dxf6 gxf6 30.g4 Rf8 31.Ch4 Te5 32.d6 h5 33.Cf5 hxg4 34.hxg4 
Fd7 35.Txa6 Fxf5 36.gxf5 Txf5 37.Tc6 Tf4 38.Rg2 Te4 39.Rf3 Te6 40.Txc4 
Texd6 41.Txd6 Txd6 42.Re3 Td1 43.b4 f5 44.Td4 Tb1 45.Rd3 Rg7 46.Rc4 Rg6 
47.f4 Rh5 48.b5 Rg4 49.Rc5 1-0

[Event "Eurotel Trophy"]
[Site "Prague CZE"]
[Date "2002.04.29"]
[Round "1.3"]
[White "Milov, Vadim"]
[Black "Topalov, Veselin"]
[Result "0-1"]
[WhiteElo "2606"]
[BlackElo "2745"]
[EventDate "2002.04.28"]

1.d4 Cf6 2.c4 c5 3.d5 b5 4.Cf3 g6 5.cxb5 a6 6.b6 d6 7.Cc3 Cbd7 8.e4 Fg7 9.
a4 Dxb6 10.Cd2 O-O 11.Fe2 Tb8 12.O-O Da7 13.Cc4 Cb6 14.Ca5 Fd7 15.Dc2 Dc7 
16.Fd2 e6 17.dxe6 Fxe6 18.b3 d5 19.exd5 Cfxd5 20.Cxd5 Cxd5 21.Tac1 Fd4 22.
Cc4 Cf4 23.Fxf4 Dxf4 24.Fd3 Rg7 25.Tce1 Df6 26.Fe4 h5 27.Rh1 Tb4 28.f4 
Fxc4 29.bxc4 Te8 30.f5 g5 31.Fd5 Txe1 32.Txe1 Tb2 33.De4 Tf2 34.Dd3 Txf5 
35.Dd1 g4 36.g3 Tf2 37.Fe4 Fc3 38.Tg1 Fd4 39.Te1 Dg5 40.Tf1 Dd2 41.Dxd2 
Txf1+ 0-1

[Event "Eurotel Trophy"]
[Site "Prague CZE"]
[Date "2002.04.29"]
[Round "1.4"]
[White "Topalov, Veselin"]
[Black "Milov, Vadim"]
[Result "1/2-1/2"]
[WhiteElo "2745"]
[BlackElo "2606"]
[EventDate "2002.04.28"]

1.Cf3 Cf6 2.c4 g6 3.Cc3 Fg7 4.e4 d6 5.d4 O-O 6.Fe2 e5 7.O-O Ca6 8.Fe3 Cg4 
9.Fg5 De8 10.dxe5 dxe5 11.h3 h6 12.Fd2 Cf6 13.Fe3 Ch5 14.c5 Cf4 15.Fxa6 
bxa6 16.Fxf4 exf4 17.Cd5 Tb8 18.Te1 c6 19.Cxf4 Txb2 20.e5 Tb7 21.Tb1 Txb1 
22.Dxb1 De7 23.e6 g5 24.exf7+ Dxf7 25.Cg6 Te8 26.Cge5 Dd5 27.Td1 Dxc5 28.
Dg6 De7 29.Cg4 Fxg4 30.hxg4 Df7 31.Dxc6 Te6 32.Td8+ Rh7 33.Dc2+ Dg6 34.Dc4
Db1+ 35.Rh2 De4 36.Dxe4+ Txe4 37.Rh3 Ta4 38.Td7 Txa2 39.Cd4 Rg6 40.Cf5 Ff6
41.f3 h5 42.g3 Ta4 43.Txa7 hxg4+ 44.fxg4 Ta1 45.Cd6 Fd4 46.Tb7 Ta2 47.Cf5 
Fg1 48.Ch4+ gxh4 49.gxh4 Ta3+ 50.Rg2 Fd4 51.Td7 Fe5 52.Td5 Rf6 53.h5 Re6 
54.Tc5 Tg3+ 55.Rf1 Fd6 56.Ta5 Ta3 57.Tg5 a5 58.h6 Fe5 59.Tg6+ Rd5 60.g5 
Th3 61.Ta6 Fc3 62.Rg2 Th4 63.Rg3 Fe1+ 64.Rf3 Rc5 65.g6 Txh6 66.g7 Th3+ 67.
Re2 Tg3 68.Rxe1 Rb5 69.Ta7 Tg2 70.Rd1 Rb4 71.Rc1 a4 72.Rb1 Ra3 73.Tb7 
1/2-1/2

[Event "Eurotel Trophy"]
[Site "Prague CZE"]
[Date "2002.04.30"]
[Round "2.1"]
[White "Svidler, Peter"]
[Black "Topalov, Veselin"]
[Result "0-1"]
[WhiteElo "2688"]
[BlackElo "2745"]
[EventDate "2002.04.28"]

1.e4 c5 2.Cf3 Cc6 3.Fb5 d6 4.O-O Fd7 5.c3 a6 6.Fxc6 Fxc6 7.d4 Fxe4 8.Te1 
Cf6 9.Fg5 Fd5 10.Cbd2 e6 11.c4 Fxf3 12.Dxf3 cxd4 13.Dxb7 Fe7 14.Dc6+ Cd7 
15.Fxe7 Rxe7 16.Cf3 Db6 17.Dxb6 Cxb6 18.b3 Thc8 19.Cxd4 d5 20.cxd5 Cxd5 
21.Cf5+ Rf6 22.Ce3 Cxe3 23.Txe3 Tc2 24.b4 Td8 25.g3 g5 26.h3 Tdd2 27.Tf3+ 
Rg6 28.a3 h5 29.Te1 Td4 30.Tfe3 Ta2 31.T1e2 Td1+ 32.Rg2 Taa1 33.g4 Th1 34.
f3 h4 35.Tb3 Tag1+ 36.Rf2 Tg3 37.a4 Th2+ 38.Rf1 Thxh3 39.Tf2 Th1+ 40.Re2 
h3 41.b5 axb5 42.axb5 h2 43.b6 Te1+ 44.Rxe1 h1=D+ 45.Tf1 Tg1 46.Txg1 Dxg1+
47.Rd2 Dh2+ 48.Rc1 Df4+ 49.Rc2 Db8 50.b7 Rf6 51.Rd3 Re5 52.Re3 Rd5 53.Tb1 
Rc6 54.Tc1+ Rd7 55.Tb1 Rc7 56.Tc1+ Rd6 57.Td1+ Re7 58.Tb1 f5 59.gxf5 exf5 
60.Re2 Rd6 61.Td1+ Re5 62.Tb1 Rf4 63.Tb3 Rg3 64.Rf1 f4 65.Re2 g4 66.fxg4+ 
Rxg4 67.Tb6 De5+ 68.Rf1 Db8 69.Tb3 f3 70.Tb6 Rg3 71.Tg6+ Rf4 72.Tb6 Re4 
73.Tb4+ Re3 74.Tb3+ Re4 75.Tb4+ Rd5 76.Tb3 Rc4 77.Txf3 Dxb7 78.Rf2 Rd4 79.
Te3 Df7+ 80.Tf3 Da2+ 81.Rg3 Re4 82.Tf4+ Re5 83.Tf3 De2 84.Tf2 Dh5 85.Tf3 
Dg5+ 86.Rh2 Re4 87.Tg3 Dh4+ 88.Rg2 Dh5 89.Tg8 Re3 90.Tg3+ Rf4 91.Tg7 Dd5+ 
92.Rh2 Rf3 93.Tg2 Dh5+ 94.Rg1 Dh4 0-1

[Event "Eurotel Trophy"]
[Site "Prague CZE"]
[Date "2002.04.30"]
[Round "2.2"]
[White "Topalov, Veselin"]
[Black "Svidler, Peter"]
[Result "1/2-1/2"]
[WhiteElo "2745"]
[BlackElo "2688"]
[EventDate "2002.04.28"]

1.Cf3 Cf6 2.c4 g6 3.Cc3 Fg7 4.e4 O-O 5.d4 c6 6.Fe2 d5 7.e5 Ce4 8.O-O Cxc3 
9.bxc3 b6 10.a4 Fa6 11.cxd5 cxd5 12.Fb5 Dc8 13.Fa3 Db7 14.e6 Cc6 15.exf7+ 
Txf7 16.De2 Fxb5 17.axb5 Ca5 18.Cg5 Tf6 19.Dxe7 Dxe7 20.Fxe7 Tf5 21.Cf3 
Cc4 22.Ta2 Tf7 23.Fb4 Tc7 24.h4 Ff8 25.Fxf8 Rxf8 26.Cg5 Te8 27.Tfa1 Tee7 
28.Ch3 Ted7 29.Cf4 Rf7 30.Te2 Td6 31.Tae1 Ca3 32.Ce6 Txe6 33.Txe6 Cxb5 34.
g4 Cxc3 35.g5 Ce4 36.Te5 Td7 37.Rg2 b5 38.T1xe4 dxe4 39.Txb5 Re6 40.Rg3 
Txd4 41.Ta5 Td7 42.Rf4 Rd6 43.Rxe4 Rc6 44.f4 Te7+ 45.Rf3 Rb6 46.Ta1 a5 47.
f5 gxf5 48.h5 Te4 49.Tg1 a4 1/2-1/2

[Event "Eurotel Trophy"]
[Site "Prague CZE"]
[Date "2002.05.01"]
[Round "3.1"]
[White "Topalov, Veselin"]
[Black "Shirov, Alexei"]
[Result "1/2-1/2"]
[WhiteElo "2745"]
[BlackElo "2704"]
[EventDate "2002.04.28"]

1.e4 e5 2.Cf3 Cc6 3.Fb5 Cf6 4.O-O Cxe4 5.d4 Cd6 6.Fxc6 dxc6 7.dxe5 Cf5 8.
Dxd8+ Rxd8 9.Cc3 Ce7 10.h3 Cg6 11.Ce4 h6 12.Te1 Fe6 13.Cd4 Fd5 14.Cf5 Cxe5
15.Ff4 Cd7 16.Cc3 g6 17.Cd4 Fb4 18.Cxd5 Fxe1 19.Fxc7+ Rc8 20.Txe1 cxd5 21.
Fd6 a5 22.Te7 Ta6 23.Cb5 a4 24.Fa3 f6 25.Cc3 Ce5 26.Cxd5 Td8 27.Ce3 Tc6 
28.b3 axb3 29.axb3 Td7 30.Te8+ Td8 31.Te7 Td7 1/2-1/2

[Event "Eurotel Trophy"]
[Site "Prague CZE"]
[Date "2002.05.01"]
[Round "3.2"]
[White "Shirov, Alexei"]
[Black "Topalov, Veselin"]
[Result "1-0"]
[WhiteElo "2704"]
[BlackElo "2745"]
[EventDate "2002.04.28"]

1.e4 c5 2.Cf3 Cc6 3.Fb5 d6 4.Fxc6+ bxc6 5.O-O Fg4 6.c3 Cf6 7.h3 Fh5 8.Te1 
e6 9.d3 Fe7 10.Cbd2 Cd7 11.Cf1 O-O 12.g4 Fg6 13.Cg3 d5 14.c4 Fd6 15.De2 a5
16.Rg2 a4 17.Fg5 f6 18.exd5 Fxg3 19.fxg3 cxd5 20.Fd2 e5 21.Ch4 Ff7 22.Cf5 
Tb8 23.Tab1 Rh8 24.Rh2 Fg8 25.b3 axb3 26.axb3 Te8 27.Dg2 Cf8 28.b4 dxc4 
29.dxc4 Fxc4 30.bxc5 Txb1 31.Txb1 Dd3 32.Tb6 Td8 33.Td6 Txd6 34.cxd6 Fd5 
35.Df2 De4 36.Df1 Fc4 37.Dg2 Dxg2+ 38.Rxg2 Rg8 39.Rf2 Rf7 40.d7 Cxd7 41.
Cd6+ Rg6 42.Cxc4 h5 43.gxh5+ Rxh5 44.Cd6 Rg6 45.g4 Cb6 46.Rf3 Cd5 47.Re4 
Cc7 48.Cf5 Rf7 49.h4 g6 50.Ch6+ Re6 51.h5 gxh5 52.gxh5 1-0

[Event "Sparkassen Gp 1"]
[Site "Dortmund GER"]
[Date "2002.07.06"]
[Round "1"]
[White "Topalov, Veselin"]
[Black "Lutz, Christopher"]
[Result "1-0"]
[WhiteElo "2745"]
[BlackElo "2650"]
[EventDate "2002.07.06"]

1.e4 c5 2.Cf3 e6 3.d4 cxd4 4.Cxd4 Cc6 5.Cc3 Dc7 6.Fe3 a6 7.Dd2 Cf6 8.O-O-O
Fb4 9.f3 Ce5 10.Cb3 b5 11.Rb1 Cc4 12.Fxc4 bxc4 13.Cc1 Db7 14.C1e2 Tb8 15.
b3 O-O 16.Ff4 Ta8 17.Fd6 Fxd6 18.Dxd6 cxb3 19.axb3 a5 20.Td4 Ta6 21.Da3 d5
22.exd5 exd5 23.Cf4 Fe6 24.Thd1 h6 25.Ccxd5 Cxd5 26.Cxd5 Tb8 27.Cf6+ gxf6 
28.Td8+ Txd8 29.Txd8+ Rh7 30.Df8 Rg6 31.Dg8+ Rh5 32.Dg7 f5 33.Td4 Fc8 34.
g3 1-0

[Event "Sparkassen Gp 1"]
[Site "Dortmund GER"]
[Date "2002.07.07"]
[Round "2"]
[White "Topalov, Veselin"]
[Black "Gelfand, Boris"]
[Result "1-0"]
[WhiteElo "2745"]
[BlackElo "2710"]
[EventDate "2002.07.06"]

1.e4 c6 2.d4 d5 3.e5 Ff5 4.Cc3 e6 5.g4 Fg6 6.Cge2 c5 7.h4 h5 8.Cf4 Fh7 9.
Cxh5 Cc6 10.dxc5 Fxc5 11.Fb5 Dc7 12.Fxc6+ Dxc6 13.Df3 O-O-O 14.Cxg7 d4 15.
Dxc6+ bxc6 16.Ca4 Ff8 17.Ch5 Fxc2 18.b3 Td5 19.Ff4 Fb4+ 20.Re2 d3+ 21.Rf3 
d2 22.Tad1 Ce7 23.Cf6 Td3+ 24.Re2 Cd5 25.Fg5 Fxd1+ 26.Txd1 Th3 27.h5 Fe7 
28.Txd2 Fxf6 29.Fxf6 Cf4+ 30.Rd1 Tg8 31.Cc5 Txg4 32.Td8+ Rc7 33.Td7+ Rb6 
34.Fe7 Cd5 35.Tb7+ Ra5 36.Txa7+ Rb5 37.Tb7+ Cb6 38.a4+ Ra5 39.Rc2 1-0

[Event "Sparkassen Gp 1"]
[Site "Dortmund GER"]
[Date "2002.07.08"]
[Round "3"]
[White "Shirov, Alexei"]
[Black "Topalov, Veselin"]
[Result "1/2-1/2"]
[WhiteElo "2697"]
[BlackElo "2745"]
[EventDate "2002.07.06"]

1.e4 c5 2.Cf3 e6 3.d4 cxd4 4.Cxd4 Cf6 5.Cc3 Cc6 6.Cdb5 d6 7.Ff4 e5 8.Fg5 
a6 9.Ca3 b5 10.Fxf6 gxf6 11.Cd5 Fg7 12.Fd3 Ce7 13.Cxe7 Dxe7 14.c4 f5 15.
O-O O-O 16.Df3 bxc4 17.Cxc4 d5 18.exd5 e4 19.De3 Fb7 20.d6 Df6 21.Fc2 f4 
22.Dh3 Tac8 23.b3 Dg5 24.Tad1 f5 25.d7 Tcd8 26.Cd6 Fa8 27.f3 Txd7 28.fxe4 
f3 29.Dg3 De3+ 30.Df2 Dxf2+ 31.Rxf2 fxg2 32.Rxg2 Tfd8 33.Cc4 Fxe4+ 34.Fxe4
Txd1 35.Txf5 Te1 1/2-1/2

[Event "Sparkassen Gp 1"]
[Site "Dortmund GER"]
[Date "2002.07.09"]
[Round "4"]
[White "Topalov, Veselin"]
[Black "Shirov, Alexei"]
[Result "1/2-1/2"]
[WhiteElo "2745"]
[BlackElo "2697"]
[EventDate "2002.07.06"]

1.e4 e5 2.Cf3 Cc6 3.Fb5 a6 4.Fa4 Cf6 5.O-O Fe7 6.Te1 b5 7.Fb3 d6 8.c3 O-O 
9.h3 Ca5 10.Fc2 c5 11.d4 Dc7 12.Cbd2 cxd4 13.cxd4 Cc6 14.Cb3 a5 15.Fe3 a4 
16.Cbd2 Fd7 17.Tc1 Tac8 18.Fd3 Db8 19.De2 Cb4 20.Fb1 Txc1 21.Txc1 Tc8 22.
Txc8+ Fxc8 23.Cf1 Fd7 24.Dd2 exd4 25.Cxd4 Cc6 26.Cg3 Cxd4 27.Fxd4 Ce8 28.
a3 Ff6 29.Cf5 Fxd4 30.Cxd4 Db6 31.De3 Dc5 32.Fd3 Cc7 33.Rf1 Ce6 34.Cxe6 
fxe6 35.e5 h6 36.Re2 b4 37.Dxc5 dxc5 38.Fa6 Fc6 39.f3 Rf7 40.Rd3 Fd5 41.
Fb5 Rg6 42.Re3 Fb3 43.Fe8+ Rg5 44.g3 h5 45.f4+ Rh6 46.Rd2 h4 47.gxh4 g6 
48.Rc1 Rh5 49.Ff7 Rxh4 50.Fxg6 Rg3 51.f5 exf5 52.Fxf5 bxa3 53.bxa3 Rf4 54.
Fc2 Fe6 55.h4 Rg4 56.Fxa4 Rxh4 57.Rc2 Rg5 58.Rc3 1/2-1/2

[Event "Sparkassen Gp 1"]
[Site "Dortmund GER"]
[Date "2002.07.10"]
[Round "5"]
[White "Gelfand, Boris"]
[Black "Topalov, Veselin"]
[Result "1/2-1/2"]
[WhiteElo "2710"]
[BlackElo "2745"]
[EventDate "2002.07.06"]

1.d4 Cf6 2.Cf3 e6 3.c4 c5 4.Cc3 cxd4 5.Cxd4 Cc6 6.g3 Db6 7.Cdb5 a6 8.Cd6+ 
Fxd6 9.Dxd6 Db4 10.Dxb4 Cxb4 11.Tb1 d5 12.Fg2 dxc4 13.b3 cxb3 14.Txb3 Cc2+
15.Rf1 Cd4 16.Tb4 Cc6 17.Tb1 O-O 18.Fe3 e5 19.Ca4 1/2-1/2

[Event "Sparkassen Gp 1"]
[Site "Dortmund GER"]
[Date "2002.07.11"]
[Round "6"]
[White "Lutz, Christopher"]
[Black "Topalov, Veselin"]
[Result "1/2-1/2"]
[WhiteElo "2650"]
[BlackElo "2745"]
[EventDate "2002.07.06"]

1.e4 e5 2.Cf3 Cc6 3.Fb5 Cf6 4.O-O Cxe4 5.d4 Cd6 6.Fxc6 dxc6 7.dxe5 Cf5 8.
Dxd8+ Rxd8 9.Cc3 Re8 10.h3 Fe7 11.Fg5 Fxg5 12.Cxg5 h6 13.Cge4 b6 14.Tfd1 
Re7 15.Rh2 g5 16.Ce2 Fe6 17.g4 Ch4 18.Cd4 Fd7 19.Cg3 The8 20.Td3 Rf8 21.
Te1 Tad8 22.Ted1 c5 23.Ce6+ Txe6 24.Txd7 Txd7 25.Txd7 Txe5 26.Txc7 Te1 27.
Txa7 Tc1 28.Ta8+ Re7 29.Ta7+ Re6 30.Ta6 Txc2 31.Txb6+ Re5 32.Rg1 Tc1+ 33.
Rh2 Cf3+ 34.Rg2 Ch4+ 1/2-1/2

[Event "Sparkassen Gp 1 playoff"]
[Site "Dortmund GER"]
[Date "2002.07.12"]
[Round "1"]
[White "Topalov, Veselin"]
[Black "Shirov, Alexei"]
[Result "1/2-1/2"]
[WhiteElo "2745"]
[BlackElo "2697"]
[EventDate "2002.07.12"]

1.d4 d5 2.c4 c6 3.Cf3 Cf6 4.Cc3 e6 5.Fg5 h6 6.Fxf6 Dxf6 7.e3 Cd7 8.Dc2 g6 
9.e4 dxe4 10.Cxe4 Fb4+ 11.Re2 De7 12.c5 O-O 13.a3 Fa5 14.Ce5 Td8 15.f4 Cf6
16.Td1 Cd5 17.g3 Fc7 18.Fg2 Fd7 19.The1 b6 20.Rf2 Tab8 21.b4 Fe8 22.Cc4 b5
23.Ce5 a5 24.Cc3 Fxe5 25.fxe5 axb4 26.Cxd5 exd5 27.axb4 Fd7 28.Ta1 Ta8 29.
Rg1 Dg5 30.Dc3 h5 31.h4 Dg4 32.De3 Ta4 33.Txa4 bxa4 34.Ff1 Tb8 35.Fe2 Dh3 
36.Ff1 Dg4 37.Fe2 Dh3 38.Ff1 1/2-1/2

[Event "Sparkassen Gp 1 playoff"]
[Site "Dortmund GER"]
[Date "2002.07.12"]
[Round "2"]
[White "Shirov, Alexei"]
[Black "Topalov, Veselin"]
[Result "1-0"]
[WhiteElo "2697"]
[BlackElo "2745"]
[EventDate "2002.07.12"]

1.e4 e5 2.Cf3 Cf6 3.Cxe5 d6 4.Cf3 Cxe4 5.De2 De7 6.d3 Cf6 7.Cc3 Dxe2+ 8.
Fxe2 g6 9.Fe3 Fg7 10.h3 O-O 11.O-O-O Te8 12.The1 a6 13.g4 h6 14.Cd2 Cc6 
15.Ff3 Fd7 16.Cde4 Cxe4 17.Fxe4 Tac8 18.Cd5 Cb8 19.f4 Fc6 20.h4 Cd7 21.g5 
hxg5 22.hxg5 Cc5 23.Ff3 Ce6 24.c3 Fxd5 25.Fxd5 c6 26.Ff3 Te7 27.Te2 Tce8 
28.Tde1 d5 29.Fc5 Cxc5 30.Txe7 Txe7 31.Txe7 Ff8 32.Te8 Cxd3+ 33.Rc2 Cxf4 
34.Fg4 Ce6 35.Fxe6 fxe6 36.Tb8 1-0

[Event "Sparkassen sf"]
[Site "Dortmund GER"]
[Date "2002.07.13"]
[Round "1"]
[White "Bareev, Evgeny"]
[Black "Topalov, Veselin"]
[Result "0-1"]
[WhiteElo "2726"]
[BlackElo "2745"]
[EventDate "2002.07.13"]

1.d4 Cf6 2.c4 e6 3.Cc3 c5 4.d5 exd5 5.cxd5 d6 6.e4 g6 7.f4 Fg7 8.Fb5+ Cfd7
9.a4 O-O 10.Cf3 Ca6 11.O-O Cb4 12.h3 a6 13.Fc4 f5 14.Cg5 Cb6 15.Fb3 a5 16.
Fe3 fxe4 17.Rh1 Cd3 18.Dd2 Te8 19.Tab1 Ff5 20.g4 h6 21.gxf5 hxg5 22.fxg5 
gxf5 23.Txf5 Dd7 24.Tbf1 Te5 25.Tf7 Dxh3+ 26.Dh2 Dxh2+ 27.Rxh2 Tf8 28.
Txf8+ Fxf8 29.Tf6 c4 30.Fd1 Cd7 31.Tg6+ Rh7 32.Te6 C7c5 33.Tf6 Rg8 34.Fh5 
Fe7 35.Th6 Rf8 36.Th8+ Rg7 37.Te8 Fxg5 38.Txe5 Fxe3 39.Te7+ Rf6 40.Tf7+ 
Rg5 41.Fd1 Fd4 42.Rg2 Cxb2 43.Cb5 Fe5 44.Fc2 Cbd3 45.Rf1 Cb4 46.Fb1 Cxd5 
0-1

[Event "Sparkassen sf"]
[Site "Dortmund GER"]
[Date "2002.07.14"]
[Round "2"]
[White "Topalov, Veselin"]
[Black "Bareev, Evgeny"]
[Result "0-1"]
[WhiteElo "2745"]
[BlackElo "2726"]
[EventDate "2002.07.13"]

1.e4 c6 2.d4 d5 3.Cc3 dxe4 4.Cxe4 Ff5 5.Cg3 Fg6 6.h4 h6 7.Cf3 Cd7 8.h5 Fh7
9.Fd3 Fxd3 10.Dxd3 e6 11.Ff4 Cgf6 12.O-O-O Fe7 13.Rb1 O-O 14.Ce5 Da5 15.
Ce4 Cxe4 16.Dxe4 Tad8 17.c4 Cxe5 18.Fxe5 Fd6 19.f3 Td7 20.Fxd6 Txd6 21.De5
Dd8 22.Td3 b5 23.b3 bxc4 24.bxc4 De7 25.Rc2 Tfd8 26.Dc5 T8d7 27.Thd1 Dh4 
28.g4 f6 29.Db4 f5 30.Db8+ Rh7 31.De8 Df6 32.c5 Td5 33.Te1 Te7 34.Dxc6 
fxg4 35.fxg4 Df2+ 36.Rd1 Txd4 37.Txd4 Dxd4+ 38.Rc2 Dc4+ 39.Rd2 Dxa2+ 40.
Re3 Db3+ 41.Re2 Dc2+ 42.Re3 Dc3+ 43.Re2 De5+ 44.Rd2 Dd4+ 45.Rc2 Dc4+ 46.
Rd2 Db4+ 47.Re2 Db2+ 48.Re3 Dc3+ 49.Re2 De5+ 50.Rd2 Dd4+ 51.Rc2 Dc4+ 52.
Rd2 Db4+ 53.Re2 Tf7 54.Dxe6 Tf6 55.Dd5 Dxg4+ 56.Rd3 Tf5 57.Te5 Dg3+ 58.Rd4
Df2+ 0-1

[Event "Sparkassen sf"]
[Site "Dortmund GER"]
[Date "2002.07.15"]
[Round "3"]
[White "Bareev, Evgeny"]
[Black "Topalov, Veselin"]
[Result "1-0"]
[WhiteElo "2726"]
[BlackElo "2745"]
[EventDate "2002.07.13"]

1.d4 Cf6 2.c4 g6 3.Cc3 Fg7 4.e4 d6 5.Fe2 O-O 6.Cf3 e5 7.O-O Cc6 8.d5 Ce7 
9.b4 Ch5 10.Te1 f5 11.Cg5 Cf6 12.f3 c6 13.Rh1 h6 14.Ce6 Fxe6 15.dxe6 Ce8 
16.Db3 Cc7 17.c5 d5 18.exd5 cxd5 19.Fb2 De8 20.Tad1 Td8 21.a4 a6 22.b5 Rh7
23.Fa3 Cxe6 24.bxa6 Cd4 25.Dxb7 Tb8 26.Dc7 Cc2 27.Cb5 Dd8 28.Dxd8 Tfxd8 
29.c6 Cxc6 30.Tc1 Cxe1 31.Txc6 d4 32.a7 Tb7 33.Fc5 d3 34.Fd1 e4 35.Fb6 
Txb6 36.Txb6 e3 37.Te6 Cc2 38.g3 e2 39.Fxe2 dxe2 40.Txe2 Cd4 41.Cxd4 Fxd4 
42.Td2 Ta8 43.Txd4 Txa7 44.Rg2 g5 45.Rf2 Rg6 46.Re2 Te7+ 47.Rd2 Te5 48.Td3
f4 49.g4 Rf7 50.Ta3 Ta5 51.Rc3 Re6 52.Rb4 Ta8 53.Rc5 Rd7 54.a5 Rc7 55.a6 
Te8 56.Ta2 Rb8 57.Tb2+ Ra8 58.Tb6 h5 59.gxh5 Te3 60.h6 Txf3 61.h4 1-0

[Event "Sparkassen sf"]
[Site "Dortmund GER"]
[Date "2002.07.16"]
[Round "4"]
[White "Topalov, Veselin"]
[Black "Bareev, Evgeny"]
[Result "1-0"]
[WhiteElo "2745"]
[BlackElo "2726"]
[EventDate "2002.07.13"]

1.e4 c6 2.d4 d5 3.e5 Ff5 4.Cc3 e6 5.g4 Fg6 6.Cge2 Ce7 7.f4 c5 8.h4 h5 9.f5
exf5 10.g5 Cec6 11.Fg2 cxd4 12.Cxd5 Cd7 13.Cxd4 Cdxe5 14.Cb5 Tc8 15.De2 
Fd6 16.Cxd6+ Dxd6 17.Ff4 O-O 18.O-O-O Dc5 19.Th3 Tfe8 20.Tc3 Da5 21.Ta3 
Dc5 22.Te3 Cd4 23.Txd4 Dxd4 24.Txe5 Rh7 25.Dd1 Df2 26.Ff3 Txe5 27.Fxe5 f4 
28.Fc3 Td8 29.b3 Rh8 30.Fe1 Dc5 31.Rb2 Ff5 32.c4 b5 33.Fb4 Df2+ 34.De2 
Dxe2+ 35.Fxe2 bxc4 36.bxc4 Fg4 37.Fd3 f3 38.Rc3 Fe6 39.Ce3 Fh3 40.Cd1 1-0

[Event "Sparkassen sf playoff"]
[Site "Dortmund GER"]
[Date "2002.07.17"]
[Round "1"]
[White "Bareev, Evgeny"]
[Black "Topalov, Veselin"]
[Result "1/2-1/2"]
[WhiteElo "2726"]
[BlackElo "2745"]
[EventDate "2002.07.17"]

1.c4 e5 2.g3 Cf6 3.Fg2 d5 4.cxd5 Cxd5 5.Cc3 Cb6 6.Cf3 Cc6 7.O-O Fe7 8.a3 
O-O 9.b4 Fe6 10.Tb1 f6 11.d3 Cd4 12.Cd2 c6 13.Fb2 Tf7 14.e3 Cf5 15.Dc2 Ff8
16.Tfd1 Cd5 17.Cc4 b5 18.Ca5 Cdxe3 19.fxe3 Cxe3 20.Df2 Cxg2 21.Dxg2 Tc8 
22.d4 Db6 23.Ce2 Td7 24.Tbc1 c5 25.dxc5 Fxc5+ 26.bxc5 Txc5 27.Cd4 exd4 28.
Txc5 Dxc5 29.Dc6 De5 30.Dc1 De4 31.Te1 Dd5 32.Dc6 d3 33.Dxd5 Fxd5 34.Td1 
Fe6 35.Rf2 Rf7 36.Re3 Ff5 37.Rd2 Te7 38.Te1 Txe1 39.Rxe1 Re6 40.Cc6 Rd5 
41.Ce7+ Re4 42.Cxf5 Rxf5 43.Rf2 Rg4 44.Fd4 a6 45.Fb6 Rh3 46.Re3 Rxh2 47.
Fc7 Rg2 48.Rxd3 h5 49.Re4 g6 50.Rf4 g5+ 51.Rf5 h4 52.gxh4 gxh4 53.Rxf6 h3 
54.Re6 a5 55.Rd5 b4 1/2-1/2

[Event "Sparkassen sf playoff"]
[Site "Dortmund GER"]
[Date "2002.07.17"]
[Round "2"]
[White "Topalov, Veselin"]
[Black "Bareev, Evgeny"]
[Result "1-0"]
[WhiteElo "2745"]
[BlackElo "2726"]
[EventDate "2002.07.17"]

1.e4 e6 2.d4 d5 3.Cc3 Cf6 4.Fg5 dxe4 5.Cxe4 Cbd7 6.Cf3 Fe7 7.Cxf6+ Fxf6 8.
h4 c5 9.Dd2 cxd4 10.Cxd4 h6 11.Fxf6 Cxf6 12.Db4 Cd5 13.Da3 De7 14.Fb5+ Fd7
15.Fxd7+ Rxd7 16.Da4+ Rc7 17.Th3 a6 18.Tb3 Dc5 19.O-O-O b5 20.Da5+ Db6 21.
De1 Rb7 22.De2 Ra7 23.Cxb5+ axb5 24.Txb5 Dc6 25.Tdxd5 exd5 26.De7+ Ra6 27.
Tb3 1-0

[Event "Sparkassen Final"]
[Site "Dortmund GER"]
[Date "2002.07.18"]
[Round "1"]
[White "Leko, Peter"]
[Black "Topalov, Veselin"]
[Result "1-0"]
[WhiteElo "2722"]
[BlackElo "2745"]
[EventDate "2002.07.18"]

1.e4 c5 2.Cf3 e6 3.d4 cxd4 4.Cxd4 Cf6 5.Cc3 Cc6 6.Cxc6 bxc6 7.e5 Cd5 8.Ce4
Fb7 9.Fe2 c5 10.O-O Dc7 11.Cd6+ Fxd6 12.exd6 Dc6 13.f3 c4 14.Dd4 O-O 15.
Fxc4 Tfc8 16.b3 Dxd6 17.Tf2 Db6 18.Fb2 Dxd4 19.Fxd4 Cb4 20.c3 d5 21.Ff1 
Cc6 22.Fe3 Ce7 23.Tc1 a5 24.Tfc2 e5 25.c4 f6 26.cxd5 Txc2 27.Txc2 Cxd5 28.
Fd2 a4 29.bxa4 Txa4 30.Fb5 Ta8 31.a4 Rf8 32.a5 Fa6 33.Fa4 Tb8 34.Rf2 Tb1 
35.Tc1 Tb2 36.Tc2 Tb1 37.Rg3 Ce7 38.Fd7 Rf7 39.Tc7 Tb2 40.Fc3 Ta2 41.Fh3 
Ta4 42.Ta7 Fb5 43.Ff5 h5 44.h4 Rf8 45.Ta8+ Rf7 46.Fc2 Tf4 47.a6 Fc6 48.Td8
Cf5+ 49.Fxf5 Txf5 50.Tc8 Fd5 51.a7 Tf4 52.a8=D Fxa8 53.Txa8 Tc4 54.Fd2 Rg6
55.Ta7 Td4 56.Fe3 Tc4 57.Tb7 Tc3 58.Fd2 Tc2 59.Fa5 Ta2 60.Fd8 Ta8 61.Fb6 
Tc8 62.Tc7 Tb8 63.Fc5 Te8 64.Rf2 Th8 65.Re3 Ta8 66.Rd3 Ta4 67.g3 Ta8 68.
Re4 Th8 69.Rd5 Td8+ 70.Re6 Ta8 71.Fd6 Te8+ 72.Fe7 Ta8 73.Tb7 Ta6+ 74.Fd6 
Ta8 75.f4 exf4 76.gxf4 Ta6 77.Td7 Ta8 78.f5+ Rh7 79.Rf7 Ta4 80.Ff8 Tg4 81.
Fxg7 1-0

[Event "Sparkassen Final"]
[Site "Dortmund GER"]
[Date "2002.07.19"]
[Round "2"]
[White "Topalov, Veselin"]
[Black "Leko, Peter"]
[Result "0-1"]
[WhiteElo "2745"]
[BlackElo "2722"]
[EventDate "2002.07.18"]

1.e4 c5 2.Cf3 Cc6 3.d4 cxd4 4.Cxd4 Cf6 5.Cc3 e5 6.Cdb5 d6 7.Fg5 a6 8.Ca3 
b5 9.Fxf6 gxf6 10.Cd5 f5 11.Fd3 Fe6 12.O-O Fxd5 13.exd5 Ce7 14.c3 Fg7 15.
Dh5 e4 16.Fc2 O-O 17.Tae1 Dc8 18.Rh1 Tb8 19.g4 b4 20.cxb4 Cxd5 21.gxf5 Rh8
22.Tg1 Fxb2 23.Dh6 Dc3 24.Txe4 Df6 25.Dh3 Tg8 26.Tf1 Fxa3 27.Dxa3 Tbc8 28.
Fd1 Cc3 29.Te3 d5 30.Tg3 d4 31.Ff3 d3 32.Db2 Dd4 33.Td1 Txg3 34.hxg3 Tc4 
35.Tf1 d2 36.f6 Dxf6 37.Rg2 Dd4 38.Dc2 Tc7 39.Df5 f6 40.Th1 d1=D 41.Fxd1 
Cxd1 42.Th4 Dd8 43.Th6 Tf7 44.De6 Tf8 45.De4 Dd7 46.Df3 Rg7 47.Th5 Cb2 48.
Td5 De6 49.Td4 Tc8 50.Te4 Dc6 51.Rh2 Rf8 52.Df4 Rf7 53.Df5 Tg8 54.Dxh7+ 
Tg7 55.Dh5+ Rf8 56.Df5 Cc4 57.Te2 Tg5 58.Dh7 Ce5 59.Dh6+ Rg8 60.Dxg5+ fxg5
61.Txe5 Df6 62.Te2 Df3 63.Td2 Rf7 64.a4 Db3 65.Td6 Dxa4 66.Tb6 Da2 0-1

[Event "Sparkassen Final"]
[Site "Dortmund GER"]
[Date "2002.07.20"]
[Round "3"]
[White "Leko, Peter"]
[Black "Topalov, Veselin"]
[Result "0-1"]
[WhiteElo "2722"]
[BlackElo "2745"]
[EventDate "2002.07.18"]

1.e4 c5 2.Cf3 e6 3.d4 cxd4 4.Cxd4 a6 5.Fd3 Fc5 6.Cb3 Fe7 7.O-O d6 8.c4 b6 
9.Cc3 Ff6 10.Dc2 Ce7 11.Fe3 Dc7 12.Tfd1 Cd7 13.Dd2 Fb7 14.Fe2 Fe5 15.Fd4 
Td8 16.Tac1 Fxd4 17.Dxd4 Cf6 18.Ca4 Cc8 19.e5 dxe5 20.Dxd8+ Dxd8 21.Txd8+ 
Rxd8 22.c5 b5 23.c6 Fa8 24.Cac5 Rc7 25.Cxa6+ Rb6 26.Fxb5 Cd6 27.Fe2 Fxc6 
28.Cb4 Fd5 29.Cd2 Cf5 30.Cc4+ Fxc4 31.Txc4 Cd4 32.Ff1 Td8 33.Cd3 Cc6 34.a4
e4 35.Cc5 Ca5 36.Tb4+ Rxc5 37.Tb5+ Rc6 38.Txa5 Cd5 39.Tb5 Cf4 40.Tb4 f5 
41.Tc4+ Rb7 42.g3 Cd3 43.a5 g5 44.Fe2 Td5 45.b4 Ce5 46.a6+ Rb8 47.Tc2 g4 
48.Tc5 Cf3+ 49.Rf1 Cxh2+ 50.Re1 Cf3+ 51.Fxf3 exf3 52.Tc6 Te5+ 53.Rd1 h5 
54.b5 Txb5 55.Txe6 Tb2 56.Re1 Tb1+ 57.Rd2 Tf1 58.Te5 f4 59.gxf4 Txf2+ 60.
Re3 Te2+ 61.Rd3 Ta2 0-1

[Event "Sparkassen Final"]
[Site "Dortmund GER"]
[Date "2002.07.21"]
[Round "4"]
[White "Topalov, Veselin"]
[Black "Leko, Peter"]
[Result "1/2-1/2"]
[WhiteElo "2745"]
[BlackElo "2722"]
[EventDate "2002.07.18"]

1.d4 Cf6 2.c4 e6 3.Cc3 Fb4 4.f3 O-O 5.a3 Fxc3+ 6.bxc3 Ce8 7.e4 b6 8.Fd3 
Fa6 9.Ch3 Cc6 10.e5 Ca5 11.De2 f6 12.O-O c5 13.Fe3 Tc8 14.Tac1 d5 15.Cf4 
Cc7 16.exf6 Dxf6 17.cxd5 Fxd3 18.Dxd3 cxd4 19.cxd4 Cxd5 20.Cxd5 exd5 21.
Ff2 Cc4 22.Tfe1 Tfe8 23.Fg3 Dg6 24.Db3 h6 25.Db5 Df7 26.a4 Rh7 27.h3 Ta8 
28.Fe5 a6 29.Db3 Dg6 30.f4 Tf8 31.Tc3 Ta7 32.Tg3 Df5 33.Rh2 Taf7 34.Tg4 
Td7 35.Tc1 Tff7 36.Tc3 Tb7 37.Dd1 De4 38.Tgg3 Df5 39.Tb3 b5 40.axb5 Txb5 
41.Txb5 axb5 42.Tb3 Tb7 43.De1 De4 44.Dxe4+ dxe4 45.d5 g5 46.g4 e3 47.Rg3 
e2 48.Rf2 Te7 49.Re1 Cxe5 50.d6 Te6 51.fxe5 Txe5 52.Tb2 Te8 53.Txb5 Rg7 
54.Tb6 Te3 55.d7 Td3 56.Tb7 Rf8 57.Rxe2 Td6 58.Re3 Re7 59.Re4 Te6+ 60.Rf3 
Td6 61.Re4 Te6+ 1/2-1/2